Rast konkurencieschopnosti ako predpoklad úspešnej transformácie ekonomiky Slovenskej republiky a postavenie SOPK dizertačná práca

Guardado en:
Detalles Bibliográficos
Autor principal: Repková, Jitka
Autor Corporativo: Ekonomická univerzita v Bratislave. Obchodná fakulta
Otros Autores: Baláž, Peter
Formato: Libro
Lenguaje:eslovaco
Publicado: Bratislava 2001
Materias:
Etiquetas: Agregar Etiqueta
Sin Etiquetas, Sea el primero en etiquetar este registro!

MARC

LEADER 00000nbm a2200000 4500
001 0178966
005 20221207102746.0
041 0 |a slo 
044 |a SK 
245 1 0 |a Rast konkurencieschopnosti ako predpoklad úspešnej transformácie ekonomiky Slovenskej republiky a postavenie SOPK  |b dizertačná práca  |c Jitka Repková ; školiteľ: Peter Baláž 
264 1 |a Bratislava  |c 2001 
300 |a 117 s. 
610 2 0 |a konkurencieschopnosť 
610 2 0 |a transformácia 
610 2 0 |a výkonnosť ekonomiky 
610 2 0 |a stratégia hospodárska 
610 2 0 |a podnikanie malé 
610 2 0 |a podnikanie stredné 
610 2 0 |a Slovensko 
100 1 |a Repková, Jitka 
700 1 |a Baláž, Peter 
710 2 |a Ekonomická univerzita v Bratislave. Obchodná fakulta